[Event "FRA-chT Gp-B"]
[Site "France"]
[Date "2003.04.05"]
[Round "6.8"]
[White "Arizmendi Martinez, Julen Luis"]
[Black "Etchegaray, Patrice"]
[Result "1-0"]
[WhiteElo "2520"]
[BlackElo "2344"]
[Annotator "Rogozenco,D"]
[PlyCount "57"]
[EventDate "2003.01.31"]
[EventType "team"]
[EventRounds "7"]
[EventCountry "FRA"]
[SourceTitle "CBM 095"]
[Source "ChessBase"]
[SourceDate "2003.07.25"]
[SourceVersion "1"]
[SourceVersionDate "2003.07.25"]
[SourceQuality "1"]
[WhiteTeam "Mulhouse"]
[BlackTeam "Cannes"]
[WhiteTeamCountry "FRA"]
[BlackTeamCountry "FRA"]

1. e4 c5 2. Nf3 Nc6 3. Nc3 g6 4. d4 cxd4 5. Nxd4 Bg7 6. Be3 Nf6 7. Bc4 O-O 8.
Bb3 d6 9. f3 Bd7 10. Qd2 Qa5 11. O-O-O Rfc8 12. Kb1 Ne5 13. Bg5 {Kb1 and Bg5
is a combination of moves which is very logical, in spite of some Dragon's
specialists sceptical opinion about it. The point is that White's approach is
very flexible - he still keeps the possibility to start a kingside attack, but
at the same time there are a lot of other ideas, connected with Bxf6 followed
by Nd5, or Nd5 at once. These are especially effective with black queen on a5.
Of course the direct moves like 13.g4 and 13.h4 also come into consideration.}
Nc4 (13... Rc5 14. h4 $1 (14. Rhe1 {is another critical move.} b5 15. Bxf6 exf6
(15... Bxf6 16. Nd5 Qxd2 17. Nxf6+ Kg7 18. Rxd2 Kxf6 19. f4 $14 {[%cal Ge4e5]})
16. Bd5 (16. Nd5 $142) 16... b4 $1 17. Nce2 Nc4 {and the complications were in
Black's favour in Shchekachev,A-Ward,C/Gran Canaria 1993.}) 14... Rac8 $5 (
14... Re8 15. h5 Nxh5 16. Bh6 Bxh6 17. Qxh6 Rxc3 18. bxc3 Rc8 19. g4 Nf6 20. g5
Nh5 21. Rxh5 gxh5 22. Nf5 Bxf5 23. exf5 Kh8 24. Rh1 Qd8 25. g6 Nxg6 26. Qxh5
Qg8 27. fxg6 fxg6 28. Qh3 {1-0 Movsesian,S-Bergez,L/Cappelle la Grande 2002.})
(14... b5 15. Bxf6 Bxf6 16. Nd5 Qxd2 17. Rxd2 Kg7 18. h5 g5 (18... Bg5 19. f4
Bh6 20. hxg6 Nxg6 21. g3 e6 22. Rdh2 exd5 23. Rxh6 Rh8 24. Nf5+ $18 {1-0
Guseinov,K-Rajlich,V/Budapest 2001 (39)}) 19. h6+ Kf8 (19... Kg6 {is scary:}
20. g3 {[%cal Gf3f4]} ({or} 20. f4 gxf4 21. Nxf4+ Kg5 22. g3)) 20. Nxf6 exf6
21. Ne2 $16 {1-0 Guseinov,K-Cernousek,L/Baku 2002 (58)}) (14... h5 15. Bxf6 $1
$16) 15. Bxf6 Bxf6 16. Nd5 Qxd2 17. Rxd2 Kg7 18. h5 Bg5 19. f4 Rxd5 20. Bxd5
Bxf4 $44 21. Rdd1 Nc4 $2 22. Rhf1 g5 23. g3 Nd2+ 24. Rxd2 Bxd2 25. Rxf7+ Kh8
26. Rxe7 Bg4 27. h6 $18 {1-0 Balogh,C-Rajlich,V/Budapest 2001 (32)}) (13... b5
$6 14. Nd5 Qxd2 15. Rxd2 Nxd5 16. Bxd5 Nc4 17. Rd3 Rab8 18. Bxe7 a5 19. Bg5 a4
20. Bf4 Rb6 21. Rhd1 a3 22. Bxc4 bxc4 23. Rxa3 c3 24. Rb3 $18 {1-0 Golubev,
M-Raeber,M/Scuol 2001 (38)}) (13... Rab8 $5) 14. Bxc4 Rxc4 15. Nb3 (15. Bxf6 {
brings nothing, here is a recent example:} Bxf6 16. Nd5 Qxd2 17. Nxf6+ Kg7 $1
18. Nh5+ Kh6 $1 {A well-known motif - Black isn't forced to break the pawn
structure.} 19. Rxd2 Kxh5 20. Ne2 {1/2-1/2 Lobron,E-Cebalo,M/Wijk aan Zee 2003}
) 15... Qd8 $2 {There are so many opening traps in the modern theory of chess
openings, that it is hardly possible even for a GM to remember all of them.
However, if one plays Dragon, one should know certain typical dangers. In this
variation 15...Qd8 fails to the standard 16.e5.} (15... Qe5 {is the correct
and practically the only move, although I am not sure that the resulting
positions are completely satisfactory for Black.}) 16. e5 $1 {Of course. The
idea is as old as Dragon itself. This was the initial main idea behind the
move Be3-g5 (although in different variations).} Ne8 (16... dxe5 17. Bxf6 Bxf6
18. Qxd7 $18) 17. Ne4 {This is a strange move, since the natural 17.Nd5 looks
much stronger and I suppose that there is a mistake in notation and in reality
17.Nd5 was played.} (17. Nd5 $1 f6 (17... Bf8 18. Qe2 {is also bad for Black})
18. Nxf6+ $1 {is a transposition to the game.}) 17... f6 (17... Bxe5 {Black
has other alternatives too, but the obvious 17...Bxe5 just takes a pawn.
That's why I suspect 17.Nd5 was played.}) 18. Nxf6+ $1 exf6 (18... Kh8 {
is of course bad too} 19. Nd5 $18) 19. Qd5+ Kh8 20. exf6 $1 {This intermezzo
decides the game. White wins material.} (20. Qxc4 $2 fxg5 $13) 20... Nxf6 {
A sad decision, but there was no choice. Giving up the dark-squared bishop was
even worse.} (20... Qc7 21. fxg7+ Kxg7 22. Rhe1 $18) 21. Qxc4 $18 {An exchange
and a pawn up is more than enough to win easily.} Rc8 22. Qf4 Bf5 23. Nd4 Qb6
24. Bh6 Bxh6 25. Qxh6 Qc5 26. Nxf5 Qxc2+ 27. Ka1 Qxf5 28. Rxd6 Qe5 29. Qd2 1-0

[Event "EU-Cup 19th"]
[Site "Rethymno"]
[Date "2003.09.29"]
[Round "2.6"]
[White "Socko, Bartosz"]
[Black "Rajlich, Iweta"]
[Result "1-0"]
[WhiteElo "2551"]
[BlackElo "2419"]
[Annotator "Rogozenco,D"]
[PlyCount "59"]
[EventDate "2003.09.28"]
[EventType "team-swiss"]
[EventRounds "7"]
[EventCountry "GRE"]
[SourceTitle "CBM 098"]
[Source "ChessBase"]
[SourceDate "2004.02.03"]
[SourceVersion "1"]
[SourceVersionDate "2004.02.03"]
[SourceQuality "1"]
[WhiteTeam "Warsaw Polonia"]
[BlackTeam "Grodzisk"]
[WhiteTeamCountry "POL"]
[BlackTeamCountry "POL"]

1. e4 c5 2. Nf3 g6 3. d4 cxd4 4. Nxd4 Bg7 5. Nc3 Nc6 6. Be3 Nf6 7. Bc4 O-O 8.
Bb3 d6 9. f3 Bd7 10. Qd2 Qa5 11. O-O-O Rfc8 12. Kb1 Ne5 13. h4 Nc4 14. Bxc4
Rxc4 15. Nb3 Qc7 16. g4 (16. h5 Rxc3 $1) (16. Bd4 $5) 16... Rc8 (16... b5 17.
e5 b4 18. exf6 bxc3 19. Qd5 $16 {1-0 Areshchenko,A-Olenin,N/Nikolaev 2001}) (
16... Bxg4 17. fxg4 Nxe4 18. Nxe4 Rxe4 19. h5 $16 {1-0 Zapata,A-Gonzalez,B/
Valencia 2000 (32)}) (16... Be6 17. h5 a5 (17... b5 18. Nxb5 Qb8 19. N5d4 a5
20. hxg6 a4 21. Nxe6 fxe6 22. gxh7+ Kh8 23. Nd4 Nd7 24. c3 Nc5 25. Bh6 Be5 26.
Rh5 a3 27. b3 Bxd4 28. cxd4 Nxb3 29. Bg7+ {1-0 Rowson,J-Tan,D/Torquay 2002}) (
17... Rc8 18. Bd4 $16) 18. Nd4 Rxc3 19. Nxe6 fxe6 20. Qxc3 Qxc3 21. bxc3 Nd7
22. Bd4 $16 {1-0 Macieja,B-Salmensuu,O/Saint-Vincent 2000(40)}) 17. h5 $6 (17.
e5 $1 Ne8 18. Nd5 Qd8 19. exd6 Nxd6 20. c3 {White is better. He protected the
queenside and has pressure on the central files, while retaining attacking
possibilities on the kingside.} Bc6 21. Rhe1 (21. h5 $5) 21... Bxd5 22. Qxd5 b5
23. Bg5 Bf8 24. Qe5 $14 {/+/-, 1-0 Timoshenko,G-Mutschnik,I/Alushta 2001 (38)})
(17. g5 Nh5 18. Nd5 Qd8 $13) 17... Bxg4 $1 {This is rightly considered to give
Black good counterplay.} 18. fxg4 Nxe4 19. Qg2 (19. Nxe4 Rxc2 20. Rc1 Rxd2 21.
Nbxd2 Qd7 22. h6 Be5 (22... Rxc1+ 23. Rxc1 Be5 (23... Qb5 $5 24. Rc8+ Bf8)) 23.
Nf2 f5 24. Rxc8+ Qxc8 25. Rc1 Qe6 26. gxf5 Qxf5+ 27. Ka1 b6 28. Nde4 Bf4 29.
Bxf4 Qxf4 30. Rc8+ Kf7 31. a3 Ke6 32. Nh3 Qf1+ 33. Ka2 Kd7 34. Rc3 Qf7+ (34...
d5 35. Neg5 d4 36. Rf3 Qc4+ 37. Kb1 d3 38. Rf2 Qd4 39. Rd2 Qe3 40. Kc1 e5 $19)
35. Ka1 Qf8 36. Nhg5 d5 $4 (36... Qxh6 37. Rh3 Qf8 38. Rxh7 Qf4 {Black is
winning with some accuracy.}) 37. Rc7+ Kxc7 38. Ne6+ Kc6 39. Nxf8 dxe4 40. Nxh7
{1-0 Kosintseva,T-Utnasunov,A/Vladimir 2002}) 19... Nxc3+ (19... Qc6 $2 20. Nd5
$16 {1-0 Gashimov,V-Lie,K/Bled 2002 (37)}) ({Not clear why not the simple} 
19... Bxc3 20. hxg6 fxg6 21. Qh3 (21. bxc3 Nxc3+ 22. Kc1 Nxa2+ $19) 21... e6
$17) 20. bxc3 Rxc3 21. Bd4 Rxc2 22. Rd2 Rxd2 23. Qxd2 {Black is still better
having four pawns for the knight. Also the position of White's king
practically secures Black at least equal chances in most complications.} Qc6
24. Re1 Bxd4 25. Nxd4 Qb6+ 26. Nb3 e6 (26... Rc7 $5 27. h6 f6) 27. Rd1 Rc5 28.
h6 Kf8 29. g5 Ke7 30. Ka1 {The result has little do do with the evaluation of
the present position. It was either a time-trouble, or more moves have been
played. Black has good winning chances after trading rooks and playing f5:} (
30. Ka1 Rd5 31. Qc1 Rxd1 32. Qxd1 f5 33. gxf6+ Kxf6 $17) 1-0

[Event "EU-Cup 21st"]
[Site "Saint Vincent"]
[Date "2005.09.18"]
[Round "1.5"]
[White "Karjakin, Sergey"]
[Black "Vocaturo, Daniele"]
[Result "1-0"]
[WhiteElo "2645"]
[BlackElo "2372"]
[Annotator "Rogozenco,D"]
[PlyCount "111"]
[EventDate "2005.09.18"]
[EventType "team-swiss"]
[EventRounds "7"]
[EventCountry "ITA"]
[SourceTitle "CBM 110"]
[Source "ChessBase"]
[SourceDate "2006.01.31"]
[SourceVersion "1"]
[SourceVersionDate "2006.01.31"]
[SourceQuality "1"]
[WhiteTeam "Paris NAO"]
[BlackTeam "Penne"]
[WhiteTeamCountry "FRA"]
[BlackTeamCountry "ITA"]

1. e4 c5 2. Nf3 d6 3. d4 cxd4 4. Nxd4 Nf6 5. Nc3 g6 6. Be3 Bg7 7. f3 O-O 8. Qd2
Nc6 9. Bc4 Bd7 10. O-O-O Qa5 11. Bb3 Rfc8 12. h4 Ne5 13. Kb1 Nc4 14. Bxc4 Rxc4
15. Nb3 Qc7 (15... Qd8 $142 16. g4 (16. e5 $142 Ne8 17. h5 $14) 16... Rac8 17.
e5 Ne8 $13) 16. g4 {Karjakin shows a good theoretical knowledge. Although 16.
h5 and 16.Bd4 are played more often, the advance of the g-pawn is especially
effective after 15...Qc7, since the knight will jump to d5 with tempo.} (16. h5
Rxc3 {The best} 17. Qxc3 Qxc3 18. bxc3 Nxh5 19. Bd4 $14) (16. Bd4 Bc6 $5) 16...
Rc8 (16... b5 $2 17. e5 b4 (17... dxe5 18. g5 b4 19. gxf6 bxc3 20. Qd5 $1 $18)
18. exf6 bxc3 19. Qd5 $16 {1-0 Areshchenko,A-Olenin,N/Nikolaev 2001}) (16...
Bxg4 17. fxg4 Nxe4 18. Nxe4 Rxe4 19. h5 $18 {1-0 Zapata,A-Gonzalez,B/Valencia
2000 (32)}) (16... Be6 17. h5 $16) 17. e5 $1 $16 (17. h5 Bxg4 $1 18. fxg4 Nxe4
$132) (17. g5 Nh5 (17... Ne8 18. Nd5 Qd8 19. Na5 $1 Bc3 (19... Rxc2 20. Nxb7
Rxd2 21. Rxd2 $16 {[%csl Gb7,Gd5,Rd8] "mating the queen"}) 20. Nxc3 Qxa5 21.
Nd5 Qd8 22. c3 $18 {[%cal Gh4h5] 1-0 Prasad,D (2440)-Volzhin,A (2524)/Abu
Dhabi 2001 (27)}) 18. Nd5 Qd8 19. c3 $13) 17... Ne8 (17... Nxg4 18. exd6 exd6
19. fxg4 Bxg4 20. Rc1 Be6 21. Nb5 $18 {1-0 Stefansson,H (2572)-Sigfusson,S 
(2285)/Reykjavik 2004 (26)}) (17... dxe5 18. g5 $18) 18. Nd5 Qd8 19. exd6 exd6
(19... Nxd6 20. c3 Bc6 21. Rhe1 (21. h5 $5) 21... Bxd5 22. Qxd5 b5 23. Bg5 Bf8
24. Qe5 $16 {1-0 Timoshenko,G-Mutschnik,I/Alushta 2001 (38)}) 20. c3 Nf6 21.
Bg5 $16 Bc6 22. Nxf6+ ({Also good is} 22. Qh2 Bxd5 23. Rxd5 Qe8 24. Rdd1 $16 {
Svacek-Demian, email 2002} (24. Rxd6 $2 Nxg4 25. fxg4 $140 $2 Be5 26. Qd2 Bxd6
27. Qxd6 Qe4+ $19)) 22... Bxf6 23. Rh3 b5 (23... Bxg5 24. hxg5 $18) (23... d5
24. Nd4 Qd6 25. Bxf6 Qxf6 26. g5 Qg7 27. h5 $18) 24. Bxf6 Qxf6 25. Qxd6 Qf4 $2
26. Na5 Qxd6 27. Rxd6 Rc5 28. a3 $1 ({Much weaker is} 28. Nb3 Rd5 29. Rxd5 Bxd5
30. Nd4 b4 31. cxb4 Rc4 32. Nc2 Rf4 $132) 28... Ba8 29. Nb3 Re5 (29... Rd5 30.
Rxd5 Bxd5 31. Nd4 a6 (31... Re8 32. Nxb5 $18) 32. Kc2 $18) 30. Nd4 Re3 31. Kc1
$18 {With the knight on d4 protecting everything, the rest is really easy.}
Rce8 32. Kd2 Bb7 33. Rd8 Re2+ 34. Nxe2 Rxd8+ 35. Nd4 a5 36. Ke3 Re8+ 37. Kf4
Rd8 38. Nb3 Ra8 39. Rh2 b4 40. axb4 axb4 41. c4 Rd8 42. Rd2 Rxd2 43. Nxd2 f6
44. Ne4 Ba6 45. b3 Kf7 46. Nc5 Bc8 47. Nd3 Ke6 48. Nxb4 Bb7 49. Nd3 g5+ 50.
hxg5 fxg5+ 51. Ke3 Kd6 52. b4 h6 53. b5 Ba8 54. c5+ Kd5 55. c6 Kc4 56. b6 1-0

[Event "Novak Nikolic Memorial 2nd"]
[Site "Belgrade"]
[Date "2000.02.07"]
[Round "5"]
[White "Pikula, Dejan"]
[Black "Velimirovic, Dragoljub"]
[Result "1-0"]
[WhiteElo "2476"]
[BlackElo "2558"]
[Annotator "Rogozenco,D"]
[PlyCount "55"]
[EventDate "2000.02.02"]
[EventType "tourn"]
[EventRounds "11"]
[EventCountry "YUG"]
[EventCategory "11"]
[SourceTitle "CBM 076"]
[Source "ChessBase"]
[SourceDate "2000.05.31"]
[SourceVersion "1"]
[SourceVersionDate "2000.05.31"]
[SourceQuality "1"]

{[%mdl 4]} 1. e4 {Schulz,A} c5 2. Nf3 d6 3. d4 cxd4 4. Nxd4 Nf6 5. Nc3 g6 6.
Be3 Bg7 7. f3 Nc6 8. Qd2 O-O 9. Bc4 Bd7 10. O-O-O Qa5 {Schulz,A: 'Dieser
ältere Zug ist wieder in Mode.'} (10... Rc8 {Schulz,A} 11. Bb3 (11. h4 $4 Nxd4
12. Qxd4 Ng4 13. Qd3 Nxe3 $19) 11... Ne5 12. h4 (12. Kb1 $5) 12... h5 13. Bg5
Rc5 {ist scharf und ungeklärt. Am besten für Weiß ist wohl nun} 14. Kb1 Z0 {
und dann} 15. g4) 11. Bb3 Rfc8 12. h4 Ne5 {Always being one of the main
directions in the Dragon this line seems to be just bad for Black. With a
forced play White gets a big advantage.} ({Im Gegensatz zu der Variante 10...
Tc8 ist} 12... h5 {Schulz,A hier nicht beliebt. Schwarz hat den f-Turm von der
Verteidigung des Punktes f7 abgezogen, daher ist der Blockadezug h7-h5 hier zu
kompromitierend.}) 13. h5 $1 Nxh5 14. Nd5 $1 {Schulz,A: 'Eine unterschätzte
Variante, mit der Weiß gefahrlos auf Gewinn spielen kann.'} ({Forcierte
Varianten entstehen nach} 14. g4 {Schulz,A}) ({oder} 14. Bh6 {Schulz,A}) 14...
Qxd2+ 15. Rxd2 Kf8 16. g4 Nf6 (16... Bxg4 17. fxg4 Nxg4 18. Bg5 Ngf6 19. Bxf6
Nxf6 20. Nxf6 exf6 21. Rxh7 $18 {1-0 Szalanczy,E-Schneider,A/Budapest 1990})
17. Rdh2 $1 {This is the most precise move order. Now Black is in big troubles.
} (17. Nxf6 Bxf6 18. Rxh7 Kg8 19. Rh1 a5 $1 20. a3 $13 {Glek,I-Hodgson,J/
Germany 1995}) 17... Bxg4 {'N?' Schulz,A. This loses, but other moves don't
help either. White has a big advantage after all continuations: Schulz,A: 'Die
Idee ist, zwei bis drei Bauern für die Figur zu bekommen, was sich in dieser
Struktur sehr gut spielen ließe. Aber die ganze Idee funktioniert hier aus
taktischen Gründen nicht.'} (17... Nc4 18. Bh6 $1 {This is the idea. White
doesn't take on f6 or c4 but swaps the Bishops instead.} (18. Bxc4 Rxc4 19.
Nxf6 Bxf6 20. Rxh7 Rac8 21. c3 b5 22. Nc2 a5 23. Bd4 Bxd4 24. Nxd4 e5 25. Nc2
Be6 $132 {Nataf,I-Ward,C/London 1994}) 18... Nxd5 19. Bxg7+ Kxg7 20. Rxh7+ Kf6
21. exd5 $16 b5 22. g5+ Ke5 23. Rd1 Rf8 24. Rh4 $18) (17... Nexg4 18. fxg4 Nxg4
19. Rxh7 (19. Rd2 $2 e6) 19... Nxe3 20. Nxe3 Bxd4 21. Rxf7+ Ke8 {White has a
very strong initiative.} 22. Kd2 $5 Bxb2 (22... Bc6 23. Be6 Rc7 (23... Bd7 24.
Nd5 $1 $18) 24. Rfh7 Kd8 25. Nd5 $18) 23. Rhh7 Bf6 $16 24. Rxf6 $5 exf6 25.
Rh8+ Ke7 26. Nd5+ Ke6 27. Rh7 Ke5 28. Rxd7 Kxe4 29. Re7+ Kf3 (29... Kf5 30. Nc7
{[%cal Rb3e6]}) 30. Nxf6 $16) (17... e6 18. Nxf6 Bxf6 19. Rxh7 Nd3+ {'~~'
Schulz,A. Schulz,A: 'Nunn (NCO)'} (19... a5 $13 {Schulz,A Nunn (NCO)}) 20. Kb1
Nc5 21. g5 Bg7 22. Nf5 $3 {a very nice blow, preparing Rxg7 and Bd4.} gxf5 (
22... exf5 23. Rxg7 $18) 23. exf5 exf5 24. Rxg7 Kxg7 25. Bd4+ Kg6 26. f4 Rh8
27. Bxh8 Rxh8 28. Rxh8 Nxb3 29. axb3 d5 30. Rh6+ Kg7 31. Kc1 {Daumen,
M-Repplinger,M/Montabaur 1997}) (17... Nxd5 18. Bxd5 Rc7 {in my opinion the
best defence. White has a clear advantage thanks to the pressure on the h-file,
but at least there is not a forced win for White.} (18... Nc6 19. Nxc6 bxc6 20.
Bc4 h6 21. Bxh6 Bxh6+ 22. Rxh6 e6 23. f4 Ke7 24. e5 $16 {Schulz,A: '1-0 Nunn,
J-Ward,C/Hastings 1998/CBM 63 (36)' Nunn,J-Ward,C/Hastings 1998}) 19. Bh6 (19.
Rxh7 $142 Kg8 $14 {/+/-.}) 19... Bxh6+ 20. Rxh6 e6 21. Rxh7 (21. Bb3 {Schulz,A}
a5 22. Rxh7 Rac8 23. a3 b5 24. g5 $14 {1-0 Olafsson,F-Hort,V/Reykjavik 1972/
EXT 99 (47)}) 21... Ke7 22. Bb3 Rg8 23. Kb1 Rc5 24. Rg1 g5 25. Rgh1 Ng6 26.
Nf5+ Kd8 27. Nxd6 Kc7 28. Nxf7 Nf4 29. Rd1 {1-0 Balogh,C-Martyn,R/Murek 1998})
18. Nxf6 Bxf6 19. fxg4 (19. Rxh7 $2 Bh5) 19... Nxg4 20. Rxh7 {'+-!' Schulz,A.
Schulz,A: 'Erzwungen und gut.'} Nxe3 (20... e6 21. Rxf7+ Kxf7 22. Bxe6+ Kg7 (
22... Kf8 {Schulz,A} 23. Bxg4 $18) 23. Bxg4 Rh8 24. Rg1 $18) (20... Bg7 {
Schulz,A} 21. Bg5 $18) 21. Rxf7+ Ke8 22. Rhh7 $18 Bxd4 {'?' Schulz,A.} (22...
a6 23. e5 (23. Ne6 $18 {Schulz,A}) 23... dxe5 24. Ba4+ b5 25. Nxb5 axb5 26.
Bxb5+ Kd8 27. Rf8+ Kc7 28. Rxf6 $18) (22... Z0 {Schulz,A} 23. Ba4+ $140 Kd8 24.
Ne6#) 23. Rxe7+ Kd8 24. Rd7+ Ke8 25. Rhe7+ Kf8 26. Rf7+ Ke8 27. Rde7+ Kd8 28.
Rxb7 (28. Rxb7 {Schulz,A} Ke8 29. Ba4+ $18) 1-0

[Event "RUS-ch Higher League 60th"]
[Site "Krasnoyarsk"]
[Date "2007.09.03"]
[Round "1"]
[White "Smirnov, Pavel"]
[Black "Chuprov, Dmitry"]
[Result "1/2-1/2"]
[WhiteElo "2636"]
[BlackElo "2554"]
[Annotator "Rogozenco,D"]
[PlyCount "103"]
[EventDate "2007.09.03"]
[EventType "swiss"]
[EventRounds "11"]
[EventCountry "RUS"]
[SourceTitle "CBM 120"]
[Source "ChessBase"]
[SourceDate "2007.10.02"]
[SourceVersion "1"]
[SourceVersionDate "2007.10.02"]
[SourceQuality "1"]

1. e4 c5 2. Nf3 Nc6 3. d4 cxd4 4. Nxd4 g6 5. Nc3 Bg7 6. Be3 Nf6 7. Bc4 O-O 8.
Bb3 d6 9. f3 Bd7 10. h4 {These days in the Dragon Sicilian both sides must
know the subtleties of different early move orders. By playing 10.h4 White is
trying to avoid certain side-variations possible after the immediate 10.Qd2.} (
{For instance after} 10. Qd2 {Black can go for the recently popular} Nxd4 $5 (
10... Rc8 {is the main line}) ({Now in case of} 10... Qa5 11. O-O-O Rfc8 {
apart from 12.h4, which leads to the same line from the game, White also has a
very attractive additional possibility:} 12. Kb1 Ne5 13. Bg5 $14 {This line is
analyzed in the theoretical article in ChessBase Magazine 117 with the
conclusion that the best Black can achieve is a slightly inferior endgame.})
11. Bxd4 b5) 10... Qa5 ({If Black plays} 10... h5 {then after} 11. Qd2 {
a similar try as in the previous comment is no longer good:} Nxd4 ({Instead
Black must play the main line} 11... Rc8) 12. Bxd4 b5 13. g4 $1 {offers White
a strong attack.}) ({Now in case of} 10... Nxd4 11. Bxd4 b5 {Black must reckon
with} 12. h5) 11. Qd2 Rfc8 12. O-O-O Ne5 13. Kb1 Nc4 14. Bxc4 Rxc4 15. Nb3 {
This used to be one of the main Dragon Sicilian positions. The theory's
verdict is that White's chances are preferable and nowadays in order to play
this way Black must be very optimistic and have a big love for Dragon.} Qc7 16.
Bd4 (16. g4 {has established itself as a strong alternative. Then after} Rc8
17. e5 Ne8 18. Nd5 Qd8 19. exd6 {Black's position is very dangerous. Possibly
he must continue} Rxc2 {and more practical examples are needed to conclude if
Black can hold the position or not.}) 16... Be6 17. h5 a5 18. a4 b5 19. Nxb5
Qb8 20. hxg6 hxg6 21. Nc3 Rb4 22. Rh4 Bxb3 23. cxb3 Rxb3 24. Nb5 Rb4 25. Qc2
$14 Qb7 $146 ({Previously Black played} 25... d5 {but the position is almost
unexplored.}) 26. g4 Rc8 27. Qh2 Rxb5 $2 (27... Rxa4 28. Bxf6 (28. Rh1 $2 Nh5)
28... Bxf6 29. Rh1 Rc1+ $1 (29... Bxh4 30. Qxh4 Rc1+ 31. Rxc1 $18) 30. Rxc1 (
30. Kxc1 $2 Ra1+ 31. Kc2 Rxh1 32. Qxh1 Qxb5 $19) 30... Rb4 31. Nc3 Bxh4 32. Nd5
Qa6 33. Nxb4 axb4 $14) 28. axb5 Qxb5 29. Rh1 ({After} 29. e5 $1 dxe5 30. Bxe5 {
the possession of the square e5 is very important for White, who wins now:} a4
(30... Qb3 31. Rh1 Nh5 32. Bxg7 Kxg7 33. Qe5+ Kg8 34. gxh5 $18) 31. Rh1 Nh5 32.
Bxg7 Qd3+ (32... Kxg7 33. gxh5 $18 Qd3+ 34. Ka2 Rc2 (34... Qb3+ 35. Ka1 a3 36.
hxg6 $18) 35. Qe5+ Kg8 36. hxg6 $18) 33. Ka2 Qb3+ 34. Ka1 a3 (34... Kxg7 35.
Qe5+ Kg8 36. Rxh5 gxh5 37. Qxh5 $18) 35. Bc3 axb2+ 36. Qxb2 $18) 29... Qd3+ 30.
Ka2 (30. Ka1 $2 Nh5 31. Bxg7 Rc4 $1) 30... Nh5 $1 {This resource saves Black}
31. Bxg7 Kxg7 (31... Rc4 $2 32. Bc3 $18) 32. Rxh5 (32. gxh5 Rc2 $17) 32... gxh5
33. Qxh5 Qc4+ $11 34. b3 Qc2+ 35. Ka3 Qc5+ 36. Qxc5 Rxc5 {The endgame is equal}
37. Ka4 Rc3 38. Rb1 Rc5 39. Rd1 Rc3 40. Rb1 Rc5 41. Rd1 Rc3 42. f4 Re3 43. Rb1
Rxe4+ 44. Kxa5 Rxf4 45. b4 Rxg4 46. b5 Kf6 47. b6 Rg8 48. Ka6 Ke5 49. Kb7 f5
50. Re1+ Kd4 51. Rxe7 f4 52. Rf7 1/2-1/2